000 00482nam a2200169 i 4500
001 36717
003 ES-MaACL
005 20250514194822.0
007 t|
008 030219s1979 sp ||||1| spa d
100 1 _aBousoño, Carlos,
_d1923-2015
_931032
245 1 0 _aSuperrealismo poético y simbolización /
_cCarlos Bousoño.
260 _aMadrid :
_bGredos,
_c[1979]
300 _a539 p. ;
_c20 cm.
852 _aES-MaACL
_jA-10407
_bR.99287
999 _c36717
_d36717